El Desafío sindical de la calidad total o cuando los sindicatos se sienten atacados /
Guardado en:
| Autor principal: | |
|---|---|
| Otros Autores: | |
| Formato: | Texto |
| Etiquetas: |
Agregar Etiqueta
Sin Etiquetas, Sea el primero en etiquetar este registro!
|
MARC
| LEADER | 00000 a a2200000 04500 | ||
|---|---|---|---|
| 001 | 16439 | ||
| 003 | |||
| 040 | |||
| 100 | |a Stolovich, Luis | ||
| 245 | |a El Desafío sindical de la calidad total o cuando los sindicatos se sienten atacados / |c Luis Stolovich ; Graciela Lescano | ||
| 700 | |a Lescano, Graciela | ||
| 773 | |g volumen 2, número 4; páginas 141-164 | ||
| 999 | |c 35069 |d 35069 | ||
